L'enfant et le symbolique (notice n° 1632794)
[ vue normale ]
| 000 -LEADER | |
|---|---|
| fixed length control field | 00493cam a2200157 4500500 |
| 005 - DATE AND TIME OF LATEST TRANSACTION | |
| control field | 20260111113524.0 |
| 041 ## - LANGUAGE CODE | |
| Language code of text/sound track or separate title | fre |
| 042 ## - AUTHENTICATION CODE | |
| Authentication code | dc |
| 100 10 - MAIN ENTRY--PERSONAL NAME | |
| Personal name | Rey, Christian |
| Relator term | author |
| 245 00 - TITLE STATEMENT | |
| Title | L'enfant et le symbolique |
| 260 ## - PUBLICATION, DISTRIBUTION, ETC. | |
| Date of publication, distribution, etc. | 2007.<br/> |
| 500 ## - GENERAL NOTE | |
| General note | 53 |
| 700 10 - ADDED ENTRY--PERSONAL NAME | |
| Personal name | Bergès-Bounes, Marika |
| Relator term | author |
| 786 0# - DATA SOURCE ENTRY | |
| Note | La revue lacanienne | 4 | 4 | 2007-12-01 | p. 90-94 | 1967-2055 |
| 856 41 - ELECTRONIC LOCATION AND ACCESS | |
| Uniform Resource Identifier | <a href="https://shs.cairn.info/revue-la-revue-lacanienne-2007-4-page-90?lang=fr&redirect-ssocas=7080">https://shs.cairn.info/revue-la-revue-lacanienne-2007-4-page-90?lang=fr&redirect-ssocas=7080</a> |
Pas d'exemplaire disponible.




Réseaux sociaux